Cestovný ruch ako odvetvie národného hospodárstva v regióne Trenčín bakalárska práca

Salvato in:
Dettagli Bibliografici
Autore principale: Zubáková, Martina
Ente Autore: Národohospodárska fakulta EU. Katedra hospodárskej politiky
Altri autori: Tokárová, Mária
Natura: Libro
Lingua:slovacco
Pubblicazione: Bratislava 2010
Tags: Aggiungi Tag
Nessun Tag, puoi essere il primo ad aggiungerne!!

MARC

LEADER 00000nbm a2200000 4500
001 0133088
005 20161109111505.7
041 0 |a slo 
044 |a SK 
245 1 0 |a Cestovný ruch ako odvetvie národného hospodárstva v regióne Trenčín  |b bakalárska práca  |c Martina Zubáková ; školiteľ: Mária Tokárová 
264 1 |a Bratislava  |c 2010 
300 |a 56 s. 
100 1 |a Zubáková, Martina 
700 1 |a Tokárová, Mária 
710 2 |a Národohospodárska fakulta EU. Katedra hospodárskej politiky